[Event "Capablanca mem-A"]
[Site "Cienfuegos"]
[Date "1980.??.??"]
[Round "?"]
[White "Armas, Iulius"]
[Black "Knaak, Rainer"]
[Result "0-1"]
[WhiteElo "2415"]
[BlackElo "2535"]

1.e4 e6 2.d4 d5 3.Nd2 Be7 4.e5 c5 5.Qg4 Kf8 6.Ndf3 Nc6 7.dxc5 Bxc5 8.Bd3 f6
9.Qg3 fxe5 10.Nxe5 Nxe5 11.Qxe5 Nf6 12.Bg5 Bd6 13.Qe2 e5 14.c3 Bd7 15.Bb5 Bc6
16.Nf3 Qd7 17.a4 Kf7 18.O-O Rhe8 19.Qc2 Bxb5 20.axb5 Qxb5 21.Qf5 Qd7 22.Qxd7+ Nxd7
23.Rfd1 Ke6 24.Ra5 Bc5 25.b4 b6 26.Ra2 Bf8 27.Rad2 Nf6 28.Bxf6 gxf6 29.Rxd5 Rec8
30.R5d3 Rc7 31.Nd2 a5 32.bxa5 bxa5 33.g4 a4 34.Ra1 a3 35.Ne4 Rb7 36.Rd2 Rb2
37.Ra2 Rxd2 38.Nxd2 Kd5 39.Kf1 Rc8 40.Nb1 Kc4  0-1

[Event "Malta ol (Men)"]
[Site "La Valetta"]
[Date "1980.??.??"]
[Round "?"]
[White "Radulov, Ivan"]
[Black "Ivkov, Borislav"]
[Result "1/2-1/2"]
[WhiteElo "2465"]
[BlackElo "2530"]

1.e4 e6 2.d4 d5 3.Nd2 Nc6 4.Ngf3 Nf6 5.e5 Nd7 6.Be2 f6 7.exf6 Qxf6 8.Nf1 Bd6
9.Ne3 O-O 10.O-O Kh8 11.h3 Qg6 12.Bd3 Qh5 13.Be2 Qg6  1/2-1/2

[Event "Makarczyk mem"]
[Site "Lodz"]
[Date "1980.??.??"]
[Round "10"]
[White "Raaste, Eero J"]
[Black "Dobosz, Henryk"]
[Result "1/2-1/2"]
[WhiteElo "2420"]
[BlackElo "2385"]

1.e4 e6 2.d4 d5 3.Nd2 Be7 4.Ngf3 Nf6 5.Bd3 c5 6.e5 Nfd7 7.c3 Nc6 8.O-O Rb8
9.Re1 b5 10.Nf1 b4 11.c4 dxc4 12.Bxc4 cxd4 13.Bf4 Nc5 14.h3 Rb7 15.Ng3 O-O
16.Ne4 Nxe4 17.Rxe4 d3 18.Re3 Rd7 19.Rxd3 Na5 20.Bb5 Rxd3 21.Bxd3 Bb7 22.Qe2 Bd5
23.Rd1 Qb6 24.Be3 Qb7 25.Ba6 Qb8 26.Bf4 Nc6 27.b3 Rd8 28.Bc4 Bxc4 29.Rxd8+ Qxd8
30.Qxc4 Qd1+ 31.Kh2 Qd5 32.Qxd5 exd5 33.Be3 Kf8 34.Kg3 Ke8 35.Kf4 Kd7 36.Nd4 Nd8
37.Kf3 a6 38.Ke2 Ne6 39.Nc2 Kc6  1/2-1/2

[Event "Manchester Benedictine"]
[Site "Manchester"]
[Date "1980.??.??"]
[Round "5"]
[White "Strauss, David J"]
[Black "Dobosz, Henryk"]
[Result "1-0"]
[WhiteElo "2335"]
[BlackElo "2385"]

1.e4 e6 2.d4 d5 3.Nd2 Be7 4.Ngf3 Nf6 5.Bd3 c5 6.e5 Nfd7 7.c3 b6 8.O-O Ba6
9.Bxa6 Nxa6 10.Re1 b5 11.Qe2 Nc7 12.dxc5 Nxc5 13.Nd4 Qd7 14.N2b3 b4 15.Qg4 Nd3
16.Re3 Nxc1 17.Qxg7 O-O-O 18.Rxc1 Rhg8 19.Qxh7 Bg5 20.cxb4 Bxe3 21.fxe3 Qe7
22.Qd3 Kb7 23.Nc6 Rxg2+ 24.Kxg2 Rg8+ 25.Kh1 Qg5 26.Nba5+ Ka8 27.Qc2  1-0

[Event "New York MCC"]
[Site "New York"]
[Date "1980.??.??"]
[Round "6"]
[White "Zapata, Alonso"]
[Black "Lein, Anatoly"]
[Result "1/2-1/2"]
[WhiteElo "2410"]
[BlackElo "2520"]

1.e4 e6 2.d4 d5 3.Nd2 Nc6 4.Ngf3 Nf6 5.e5 Ne4 6.c3 Nxd2 7.Bxd2 f6 8.Bb5 Bd7
9.Qe2 Qe7 10.O-O O-O-O 11.b4 Qf7 12.a4 Re8 13.a5 a6 14.Bd3 Na7 15.Rac1 Bb5
16.Ne1 Qd7 17.f4 f5 18.Nf3 Be7 19.Kh1 Rd8 20.Rg1 h5 21.Be1 h4 22.g3 hxg3
23.Rxg3 Rh7 24.Bd2 Rdh8 25.Rcg1 Bf8 26.R1g2 Kb8 27.Bxb5 Nxb5 28.Be1 Na3 29.Nd2 Qc6
30.Kg1 Rh6 31.Nf3 Nc4 32.Rg6 Qe8 33.R6g3 Kc8 34.Bf2 Qa4 35.Ng5 Qd7 36.Be1 Kd8
37.Qd3 Ke8 38.Qe2 Qa4 39.Nf3 Qa1 40.Qf2 Qc1 41.Nd2 Nxd2 42.Qxd2 Qxd2 43.Rxd2 Kd7
44.Rc2 Kc6 45.c4 dxc4 46.Rxc4+ Kd7 47.Rc2 c6 48.Rcg2 Ke8 49.Rg5 Rh3 50.R5g3 Kf7
51.Rxh3 Rxh3 52.Bg3 Ke8 53.Rb2 Be7 54.Kg2 Rh8 55.Be1 Kf7 56.Rc2 Rd8 57.Rc4 Kg6
58.Bd2 Kh5 59.Be3 g5 60.fxg5 Bxg5 61.Bf2 Rg8 62.Kf3 Rg7 63.h3 Be7 64.Be3 Bh4
65.Bf4 Rg1 66.Rc2 Rb1 67.Rg2 Rf1+ 68.Ke3 Rh1 69.Rg7 Rxh3+ 70.Ke2 Rb3 71.Be3 Rxb4
72.Kf3 Bd8 73.Rg8 Bxa5 74.Rg5+ Kh6 75.Rxf5+ Kg7 76.Rf6 Rb3 77.Ke4 Bd8 78.Bh6+ Kg8
79.Rf8+ Kh7 80.Bf4 Bb6 81.Rf7+ Kg8 82.Rxb7 Rb4 83.Be3 a5 84.Re7 Bxd4 85.Bxd4 c5
86.Rxe6 Rxd4+ 87.Ke3 a4 88.Rc6 a3 89.Rxc5  1/2-1/2

[Event "ARG-ch"]
[Site "Quilmes"]
[Date "1980.??.??"]
[Round "3"]
[White "Campora, Daniel H"]
[Black "Debarnot, Roberto"]
[Result "1/2-1/2"]
[WhiteElo "2415"]
[BlackElo "2430"]

1.e4 e6 2.d4 d5 3.Nd2 Nc6 4.Ngf3 Nf6 5.e5 Nd7 6.c3 f6 7.exf6 Qxf6 8.Bb5 Bd6
9.Nb3 a6 10.Bg5 Qf7 11.Bxc6 bxc6 12.O-O O-O 13.Bh4 e5 14.dxe5 Nxe5 15.Nxe5 Bxe5
16.Bg3 Bd6 17.Qd4 a5 18.Rfe1 a4 19.Nc5 a3 20.b4 Re8 21.f3 Bf5 22.Nb7 Rxe1+
23.Rxe1 Re8 24.Rxe8+ Qxe8 25.Kf2 Bb1 26.Qa7 d4 27.Qxd4 Bxa2 28.Nxd6 cxd6
29.Bxd6 Qe6 30.b5 cxb5 31.Bxa3 Bc4 32.g4 h6 33.Qd2 Bd5 34.Bb4 Qe5 35.Kg2 Qe6
36.h3 Bc4 37.Kg3 Qe2  1/2-1/2

[Event "ARG-ch"]
[Site "Quilmes"]
[Date "1980.??.??"]
[Round "5"]
[White "Aparicio, Anibal"]
[Black "Rossetto, Hector"]
[Result "1-0"]
[WhiteElo "2320"]
[BlackElo "2410"]

1.e4 e6 2.d4 d5 3.Nd2 Nc6 4.Ngf3 f5 5.exf5 exf5 6.Bb5 Nh6 7.O-O Nf7 8.c4 a6
9.Ba4 dxc4 10.Bxc6+ bxc6 11.Re1+ Be7 12.Qe2 a5 13.Nxc4 Kf8 14.Nfe5 Nxe5 15.Nxe5 Ra6
16.Bf4 Rb6 17.Rac1 Bd7 18.Nc4 Bb4 19.Nxb6 cxb6 20.Qc4 b5 21.Qb3 g5 22.Be5 Rg8
23.Re2 Rg6 24.d5 f4 25.Qd3 Qa8 26.a3 Be7 27.d6 Bd8 28.Bd4 Qc8 29.Bc5 Kg7
30.Rce1 Re6 31.Qc3+ Bf6 32.Qxa5 Rxe2 33.Rxe2 f3 34.gxf3 Qg8 35.Qc7 Qf7 36.Kg2 Kg6
37.Qa5 g4 38.f4 Qd5+ 39.Kg1 Qf3 40.Qd2  1-0

[Event "Rome-B"]
[Site "Rome"]
[Date "1980.??.??"]
[Round "9"]
[White "Medina Garcia, Antonio Angel"]
[Black "Messa, Roberto"]
[Result "1-0"]
[WhiteElo "2370"]
[BlackElo "2265"]

1.e4 e6 2.d4 d5 3.Nd2 Be7 4.Bd3 c5 5.Ngf3 Nf6 6.e5 Nfd7 7.c3 b6 8.Qe2 a5
9.O-O Ba6 10.c4 Nc6 11.Rd1 Nb4 12.Bb1 cxd4 13.Nxd4 dxc4 14.Nxc4 Qc7 15.b3 Bxc4
16.bxc4 Rc8 17.Bf4 Qxc4 18.Qg4 g5 19.Bxg5 Rg8 20.h4 h6 21.a3 Nxe5 22.Qe4 hxg5
23.axb4 Bf6 24.bxa5 gxh4 25.axb6 Rg4 26.b7 Rd8 27.Ra8 Qc7 28.Nb5 Qb6 29.Rdxd8+ Bxd8
30.b8=Q  1-0

[Event "Skien op"]
[Site "Skien"]
[Date "1980.??.??"]
[Round "4"]
[White "Schneider, Lars Ake"]
[Black "Henttinen, Markku IO"]
[Result "1-0"]
[WhiteElo "2450"]
[BlackElo "2215"]

1.e4 e6 2.d4 d5 3.Nd2 Nc6 4.c3 e5 5.exd5 Qxd5 6.Ngf3 Bg4 7.Bc4 Qd7 8.O-O O-O-O
9.Qa4 exd4 10.Bb5 Qd5 11.Bxc6 Qxc6 12.Qxa7 Bd6 13.Nxd4 Qd5 14.Qa8+ Kd7 15.Qa4+ Kc8
16.Nc4 Kb8 17.Nxd6 Rxd6 18.Bf4 Rg6 19.Qe8+ Bc8 20.Bg3 f5 21.Rfd1 Qd7 22.Qxd7 Bxd7
23.Nf3  1-0

[Event "SWE-ch"]
[Site "?"]
[Date "1980.??.??"]
[Round "?"]
[White "Ernst, Thomas"]
[Black "Bjork, Carl Magnus"]
[Result "1-0"]
[WhiteElo "2200"]
[BlackElo "2350"]

1.e4 e6 2.d4 d5 3.Nd2 a6 4.Ngf3 Nf6 5.e5 Nfd7 6.Bd3 c5 7.c3 Nc6 8.O-O Qb6
9.Re1 cxd4 10.cxd4 Nxd4 11.Nxd4 Qxd4 12.Nf3 Qb6 13.Ng5 Be7 14.Qh5 g6 15.Qf3 Bxg5
16.Bxg5 h6 17.Qh3 Nc5 18.Bf6 Rg8 19.Rac1 Bd7 20.Qe3 Rc8 21.Rc3 Rc6 22.Qxh6 Qxb2
23.Bxg6 Rf8 24.Rh3  1-0

[Event "CSR-ch"]
[Site "Trnava"]
[Date "1980.??.??"]
[Round "13"]
[White "Prandstetter, Eduard"]
[Black "Hausner, Ivan"]
[Result "1/2-1/2"]
[WhiteElo "2445"]
[BlackElo "2445"]

1.e4 e6 2.d4 d5 3.Nd2 Be7 4.e5 c5 5.c3 Nc6 6.Ndf3 cxd4 7.cxd4 Bd7 8.Bd3 Qb6
9.Ne2 Nb4 10.Bb1 Bb5 11.Nc3 Ba6 12.a3 Nc6 13.b4 Rc8 14.Na4 Qc7 15.Bd3 Bxd3
16.Qxd3 Nd8 17.O-O Qc4 18.Qb1 b6 19.Bd2 Qc2 20.Qxc2 Rxc2 21.Nc3 Nh6 22.Rfd1 Nc6
23.Rab1 Nf5 24.Ne1 Nfxd4 25.Nxc2 Nxc2 26.Rbc1 Nxa3 27.Nxd5 exd5 28.Rxc6 Kd7
29.Rcc1 Ke6 30.f4 Nc4 31.Bc3 Rd8 32.Rd3 h5 33.Ra1 Rd7 34.g3 g6 35.Kg2 Bd8
36.b5 Be7 37.Bd4 Rc7 38.Kf3 Bb4 39.Ke2 Kf5 40.Rb1 Be7 41.Bc3 Ke6 42.h3 Na3
43.Rb3 Rc4 44.Kf3 Ra4 45.g4 hxg4+ 46.hxg4 Bc5 47.Kg3 Nc2 48.f5+ gxf5 49.gxf5+ Kxf5
50.Rxd5 Rg4+ 51.Kh3 Re4 52.Rd3 Re2  1/2-1/2

[Event "Lido op"]
[Site "Venice"]
[Date "1980.??.??"]
[Round "5"]
[White "Vujovic, Milorad"]
[Black "Messa, Roberto"]
[Result "0-1"]
[WhiteElo "2265"]
[BlackElo "2265"]

1.e4 e6 2.d4 d5 3.Nd2 Be7 4.e5 b6 5.c3 Qd7 6.Qg4 g6 7.h4 h5 8.Qg3 Ba6 9.Ngf3 Bxf1
10.Nxf1 Nc6 11.Ne3 Nh6 12.O-O O-O-O 13.b4 Rdg8 14.a4 Qd8 15.Ng5 Bxg5 16.hxg5 h4
17.Qh3 Qxg5 18.b5 Na5 19.Nxd5 Qd8 20.Nf6 g5 21.Qf3 Kb8 22.Nxg8 Qxg8 23.Qf6 Nf5
24.Bxg5 Qh7 25.d5 h3 26.g4 h2+ 27.Kh1 Qh3 28.Qxh8+ Qxh8 29.gxf5 Qxe5 30.dxe6 fxe6
31.f4 Qe4+ 32.Kxh2 exf5 33.Kg3 Nc4 34.Rae1 Qd3+ 35.Rf3 Qc2 36.Bd8 Nd2 37.Rfe3 Ne4+
38.Rxe4 fxe4 39.Kg4 Qg2+ 40.Kf5 Qh3+ 41.Kg6 Qg3+ 42.Bg5 Qxe1 43.f5 e3 44.f6 e2
45.f7 Qb1+ 46.Kg7 e1=Q 47.f8=Q+ Kb7 48.Qf6 Qee4  0-1

[Event "Wroclaw-A"]
[Site "Wroclaw"]
[Date "1980.??.??"]
[Round "7"]
[White "Bednarski, Jacek B"]
[Black "Pinkas, Karol"]
[Result "1-0"]
[WhiteElo "2385"]
[BlackElo "2360"]

1.e4 e6 2.d4 d5 3.Nd2 Nc6 4.Ngf3 Nf6 5.e5 Nd7 6.Be2 Ne7 7.O-O c5 8.c3 Ng6
9.Re1 Be7 10.Nf1 O-O 11.Bd3 Qb6 12.Ng3 cxd4 13.cxd4 f5 14.exf6 gxf6 15.Bxg6 hxg6
16.Nh4 Bb4 17.Qg4 g5 18.Bxg5 fxg5 19.Rxe6 Bd2 20.Rg6+ Qxg6 21.Nxg6 Re8 22.Qh5 Nf6
23.Qh8+ Kf7 24.Ne5+ Ke6 25.Qg7 Re7 26.Qg6 Rc7 27.Nh5 Kd6 28.Nxf6 Be6 29.Ne8+ Rxe8
30.Qxe8 Ba5 31.Qd8+ Bd7 32.Qf8+ Ke6 33.Qh6+ Ke7 34.Qxg5+ Kd6 35.Qf6+ Be6
36.Qf8+ Re7 37.Ng6 Bd8 38.Qxd8+ Rd7 39.Qf8+  1-0

[Event "AUT-ch"]
[Site "AUT"]
[Date "1981.??.??"]
[Round "11"]
[White "Roehrl, Karl"]
[Black "Dueckstein, Andreas"]
[Result "1/2-1/2"]
[WhiteElo "2320"]
[BlackElo "2405"]

1.e4 e6 2.d4 d5 3.Nd2 a6 4.Ngf3 c5 5.c3 cxd4 6.Nxd4 dxe4 7.Nxe4 e5 8.Nf3 Qxd1+
9.Kxd1 Nc6 10.Be3 Bf5 11.Nfd2 O-O-O 12.f3 Nf6 13.Nxf6 gxf6 14.Ke1 Ne7 15.Ne4 Nd5
16.Bd2 Be7 17.a3 Be6 18.c4 Nf4 19.Bxf4 exf4 20.Rd1 f5 21.Nf2 Bf6 22.Nd3 Rhe8
23.Be2 Bh4+ 24.Kd2 Bf2 25.b3 b5 26.Kc2 Bxc4 27.Bf1 Bxd3+ 28.Bxd3 Re5 29.Kb1 h5
30.Rc1+ Kb7 31.Rhd1 Be3 32.Bf1 Bxc1 33.Rxd8 Bxa3 34.Bd3 Be7 35.Rh8 Re1+ 36.Kc2 Rg1
37.Rxh5 Rxg2+ 38.Kb1 Rf2 39.Rxf5 f6 40.h4 Kb6 41.Rxf4 Rh2  1/2-1/2

[Event "SVK-ch"]
[Site "Bardejov"]
[Date "1981.??.??"]
[Round "13"]
[White "Franzen, Josef"]
[Black "Priehoda, Vitezslav"]
[Result "1-0"]
[WhiteElo "2365"]
[BlackElo "2170"]

1.e4 e6 2.d4 d5 3.Nd2 Nc6 4.Ngf3 Nf6 5.e5 Nd7 6.Nb3 a5 7.a4 Be7 8.h4 f6 9.exf6 Nxf6
10.Bg5 O-O 11.Bd3 Bd7 12.c3 h6 13.Ne5 Be8 14.Bxf6 Bxf6 15.Nxc6 bxc6 16.Bc2 Bxh4
17.g3 Bf6 18.Qd3 g6 19.Rxh6 Bg7 20.Rh2 e5 21.dxe5 Bxe5 22.O-O-O Bg7 23.f4 Qd6
24.Nd4 c5 25.Nb5 c4 26.Qf3 Qb6 27.Qxd5+ Bf7 28.Qg5 Rab8 29.f5 c6 30.f6  1-0

[Event "Brighton"]
[Site "Brighton"]
[Date "1981.??.??"]
[Round "8"]
[White "Chandler, Murray G"]
[Black "Short, Nigel D"]
[Result "1-0"]
[WhiteElo "2530"]
[BlackElo "2440"]

1.e4 e6 2.d4 d5 3.Nd2 Be7 4.Ngf3 Nf6 5.e5 Ne4 6.Bd3 Nxd2 7.Bxd2 O-O 8.h4 h6
9.c3 Nd7 10.Ng5 c5 11.Qh5 cxd4 12.cxd4 Qb6 13.Bc3 Bb4 14.Kf1 Bxc3 15.bxc3 Qb2
16.Rd1 Qxa2 17.Rh3 b6 18.Bh7+ Kh8 19.Rg3 Ba6+ 20.Kg1 Qe2 21.Nxf7+ Rxf7 22.Qxf7 Qxd1+
23.Kh2 g5 24.Bg6 Nf8 25.Qf6+ Kg8 26.Bf7+ Kh7 27.hxg5  1-0

[Event "Budva zt"]
[Site "Budva"]
[Date "1981.??.??"]
[Round "12"]
[White "Hulak, Krunoslav"]
[Black "Skembris, Spyridon"]
[Result "1-0"]
[WhiteElo "2475"]
[BlackElo "2415"]

1.e4 e6 2.d4 d5 3.Nd2 Be7 4.Bd3 dxe4 5.Nxe4 Nd7 6.Nf3 Ngf6 7.O-O Nxe4 8.Bxe4 O-O
9.Qe2 Nf6 10.Bd3 b6 11.Bf4 Bb7 12.Rad1 Qd7 13.c4 Rad8 14.a3 Qc8 15.d5 Bd6
16.Bg5 Rde8 17.Bxf6 gxf6 18.Nh4 h6 19.Qh5 f5 20.Nxf5 exf5 21.Bxf5 Bxh2+ 22.Kh1 Qxf5
23.Qxf5 Bc8 24.Qf6 Be5 25.Qxh6 Bg7 26.Qf4 Re5 27.Rfe1 Rfe8 28.Rxe5 Rxe5 29.Kg1 Bf5
30.Qd2 Re4 31.Qg5 Bg6 32.Qd8+ Kh7 33.Qxc7 Be5 34.Qd8 Rg4 35.d6 Be4 36.f3 Bd4+
37.Kh1  1-0

[Event "Caorle op"]
[Site "Caorle"]
[Date "1981.??.??"]
[Round "1"]
[White "Ubezio, Marco"]
[Black "Mammola, Dino"]
[Result "1/2-1/2"]
[WhiteElo "2015"]
[BlackElo "2030"]

1.e4 e6 2.d4 d5 3.Nd2 Nc6 4.Ngf3 Nf6 5.e5 Nd7 6.Nb3 f6 7.Bf4 Be7 8.c3 O-O
9.Bg3 fxe5 10.dxe5 Qe8 11.Bd3 Qh5 12.O-O Nc5 13.Nxc5 Bxc5 14.b4 Bb6 15.a4 a5
16.b5 Ne7 17.Nd4 Qxd1 18.Rfxd1 Bd7 19.Rab1 Bxd4 20.cxd4 Nf5 21.Be2 Rac8 22.Rbc1 c6
23.b6 c5 24.Rxc5 Bxa4 25.Rdc1 Bd7 26.Rc7 Nxd4 27.Bd1 Bc6 28.Bh4 Nf5 29.Bg3 Rxc7
30.bxc7 Rc8 31.Ra1 a4 32.Bxa4 Bxa4 33.Rxa4 Rxc7 34.Bf4 Rc4 35.Ra8+ Kf7 36.g3 Nd4
37.Kg2 b5 38.Ra7+ Kg6 39.h4 h5 40.Bg5 b4 41.Rb7 Nc6 42.Be7 Kf5 43.Bd6 Ke4
44.Rxg7 Kd3 45.Rb7 Kc3 46.f4 b3 47.f5 exf5 48.e6 Kc2 49.Ba3 Ra4 50.Rc7 Rxa3
51.Rxc6+ Kb1 52.e7 Ra8 53.Rd6 Re8 54.Rd7 b2 55.Kf3 Kc2 56.Rc7+ Kd3 57.Rb7  1/2-1/2

[Event "Caorle op"]
[Site "Caorle"]
[Date "1981.??.??"]
[Round "7"]
[White "Kovac, Darko"]
[Black "Mammola, Dino"]
[Result "1-0"]
[WhiteElo "2160"]
[BlackElo "2030"]

1.e4 e6 2.d4 d5 3.Nd2 Nc6 4.Ngf3 Nf6 5.e5 Nd7 6.Be2 f6 7.exf6 Qxf6 8.Nf1 Bd6
9.Ne3 O-O 10.O-O Qf7 11.Ng4 Bf4 12.g3 Bxc1 13.Rxc1 Nf6 14.Nge5 Nxe5 15.Nxe5 Qe7
16.Bd3 Bd7 17.Qe2 Rae8 18.a3 c5 19.c3 Bc6 20.b4 c4 21.Bc2 Nd7 22.Nxd7 Bxd7
23.f4 Qf6 24.Rce1 g6 25.Qg4 Re7 26.Re5 Kf7 27.Qh3 Ke8 28.Qh6 Qg7 29.Qh3 Kd8
30.Rfe1 Rfe8 31.Qh4 Kc7 32.Bd1 Qf7 33.Bf3 Kd6 34.Qg5 Bc8 35.b5 b6 36.Bg4 Bd7
37.f5 gxf5 38.Qf4 Kc7 39.Rxf5+ e5 40.Rxf7 exf4 41.Rexe7  1-0

[Event "Politiken Cup"]
[Site "Copenhagen"]
[Date "1981.??.??"]
[Round "4"]
[White "Radulov, Ivan"]
[Black "Dobosz, Henryk"]
[Result "1/2-1/2"]
[WhiteElo "2450"]
[BlackElo "2360"]

1.e4 e6 2.d4 d5 3.Nd2 Be7 4.Bd3 dxe4 5.Nxe4 Nf6 6.Nf3 Nbd7 7.Nxf6+ Bxf6 8.O-O O-O
9.Bf4 c5 10.Bd6 Be7 11.Bxe7 Qxe7 12.c3 Rd8 13.Qe2 Nf6 14.Rad1 Bd7 15.Rd2 Ba4
16.Bb5 Bxb5 17.Qxb5 cxd4 18.Nxd4 Rd5 19.Qe2 Rad8  1/2-1/2

[Event "Politiken Cup"]
[Site "Copenhagen"]
[Date "1981.??.??"]
[Round "9"]
[White "Ernst, Thomas"]
[Black "Dobosz, Henryk"]
[Result "1-0"]
[WhiteElo "2295"]
[BlackElo "2360"]

1.e4 e6 2.d4 d5 3.Nd2 Be7 4.Bd3 c5 5.dxc5 Nf6 6.exd5 exd5 7.Ngf3 O-O 8.O-O Nbd7
9.b4 a5 10.c3 Ng4 11.Qc2 g6 12.Nb3 Nde5 13.Nxe5 Nxe5 14.Bf4 Nxd3 15.Qxd3 b6
16.c6 axb4 17.cxb4 Bxb4 18.Qd4 g5 19.Qxb4 gxf4 20.Qxf4 Re8 21.Rfe1 Rxa2 22.Qg3+ Kf8
23.Qc3 Rxe1+ 24.Rxe1 f6 25.c7 Qd6 26.Qe3 Qd7 27.Qh6+ Kf7 28.Qxh7+ Kf8 29.Qh8+ Kf7
30.Nd4 Ra7 31.Nf5 Qxf5 32.Qe8+ Kg7 33.Re7+ Kh6 34.Qh8+ Kg5 35.h4+ Kg4 36.Qg8+  1-0

[Event "DDR-ch 30th"]
[Site "Fuerstenwalde"]
[Date "1981.??.??"]
[Round "4"]
[White "Rossmann, Helmut"]
[Black "Knaak, Rainer"]
[Result "0-1"]
[WhiteElo "2280"]
[BlackElo "2495"]

1.e4 e6 2.d4 d5 3.Nd2 Be7 4.Ngf3 Nf6 5.exd5 exd5 6.Bd3 Bg4 7.c3 Nc6 8.Qb3 Qd6
9.Qxb7 Rb8 10.Qa6 Bd7 11.Be2 Ne4 12.Qd3 f5 13.Qc2 O-O 14.O-O Kh8 15.Ne1 Bf6
16.Ndf3 g5 17.Nd3 f4 18.Nfe5 Bf5 19.Nxc6 Qxc6 20.Qd1 Rfe8 21.Re1 Bg7 22.Bh5 Re6
23.Ne5 Rxe5 24.dxe5 Bxe5 25.Qe2 Qh6 26.g4 fxg3 27.fxg3 c5 28.Bg4 Bg6 29.Bf3 Re8
30.Qg2 Qg7 31.Be3 g4 32.Bxe4 Bxe4 33.Qd2 d4 34.cxd4 cxd4 35.Bf4 Bf6 36.Rac1 Qg6
37.Rc4 Rd8 38.b3 Qf5 39.Rec1 Ba8 40.Kf2 Qd5 41.Qd3 Qg2+ 42.Ke1 Re8+  0-1

[Event "DDR-ch (Women)"]
[Site "Fuerstenwalde"]
[Date "1981.??.??"]
[Round "8"]
[White "Jahn, Constanze"]
[Black "Just, Gabriele"]
[Result "1-0"]
[WhiteElo "1930"]
[BlackElo "2060"]

1.e4 e6 2.d4 d5 3.Nd2 Nc6 4.Ngf3 Nf6 5.e5 Nd7 6.Bb5 Be7 7.c3 O-O 8.O-O f6
9.exf6 Nxf6 10.Ne5 Nxe5 11.dxe5 Nd7 12.Qe2 c5 13.Bd3 Rf7 14.Qh5 Nf8 15.f4 c4
16.Bc2 b5 17.Nf3 Qb6+ 18.Kh1 a5 19.Nd4 Bc5 20.Be3 b4 21.f5 exf5 22.Bxf5 g6
23.Qg5 Bxf5 24.Nxf5 Rxf5 25.Rxf5 Bxe3 26.Qg4 bxc3 27.bxc3 Rb8 28.Raf1 Bh6
29.e6 Bg7 30.e7 gxf5 31.Qxf5 Bf6 32.exf8=Q+ Kxf8 33.Qxh7 Qf2 34.Rxf2  1-0

[Event "DDR-ch (Women)"]
[Site "Fuerstenwalde"]
[Date "1981.??.??"]
[Round "12"]
[White "Wagner Michel, Annett"]
[Black "Just, Gabriele"]
[Result "1/2-1/2"]
[WhiteElo "2120"]
[BlackElo "2060"]

1.e4 e6 2.d4 d5 3.Nd2 Nc6 4.Ngf3 Nf6 5.e5 Nd7 6.Bb5 a6 7.Bxc6 bxc6 8.O-O a5
9.c4 dxc4 10.Nxc4 Nb6 11.Qc2 Qd7 12.Rd1 Bb4 13.a3 Be7 14.Bg5 Bxg5 15.Nxg5 h6
16.Ne4 Nxc4 17.Qxc4 Qd5 18.Qe2 Ba6 19.Qg4 O-O-O 20.Rac1 Bc4 21.Nc5 a4 22.Qg3 Bb5
23.Qc3 f6 24.Qa5 Kb8 25.exf6 gxf6 26.Na6+ Bxa6 27.Qxa6 Rhg8 28.g3 Rg4 29.Rc4 c5
30.Rxa4 Qb7 31.Qxe6 Qf3 32.Qe1 Re4 33.Qf1 Re2 34.Qg2 Rxf2 35.Qxf3 Rxf3 36.Rc4 Rb3
37.Rxc5 Rxb2 38.Rf5 Rd6 39.Rh5 Re6 40.Rxh6 Ree2 41.d5 Rg2+ 42.Kh1 Rgc2 43.Rh4 Kc8
44.Rh7 Ra2 45.Re1 Rd2 46.Rc1 Kd8 47.a4 Rxd5 48.Rhxc7 Rdd2 49.Rh7 Rxa4 50.Rb1 Kc8
51.Rf1 Raa2  1/2-1/2

[Event "Bundesliga 8081"]
[Site "Germany"]
[Date "1981.??.??"]
[Round "?"]
[White "Bialas, Wolfram"]
[Black "Reefschlaeger, Helmut"]
[Result "0-1"]
[WhiteElo "2365"]
[BlackElo "2400"]

1.e4 e6 2.d4 d5 3.Nd2 Nc6 4.Ngf3 Nf6 5.e5 Nd7 6.Bd3 Nb4 7.Nb3 a5 8.a4 Nxd3+
9.cxd3 f6 10.O-O fxe5 11.Bg5 Be7 12.Bxe7 Qxe7 13.Rc1 e4 14.dxe4 dxe4 15.Nfd2 Nf6
16.Qc2 Nd5 17.Qxe4 O-O 18.Rfe1 Qf6 19.Nf3 b6 20.Nbd2 Bd7 21.b3 Qh6 22.Ne5 Qxd2
23.Rc2 Qh6 24.Nxd7 Rf4 25.Qe5 Rf7 26.Rc6 Rxd7 27.Rxe6 Nf6 28.g4 Qh4 29.f3 Rf8  0-1

[Event "Bundesliga 8081"]
[Site "Germany"]
[Date "1981.??.??"]
[Round "?"]
[White "Kindermann, Stefan"]
[Black "Borngaesser, Rene"]
[Result "1/2-1/2"]
[WhiteElo "2455"]
[BlackElo "2365"]

1.e4 e6 2.d4 d5 3.Nd2 Nc6 4.Ngf3 Nf6 5.e5 Nd7 6.b3 f6 7.Bb2 fxe5 8.dxe5 Nb6
9.a3 Bd7 10.Bd3 Qe7 11.h4 O-O-O 12.Qe2 Be8 13.h5 d4 14.Nc4 Nd5 15.g3 Nc3
16.Qd2 Bxh5 17.Nxd4 Nxd4 18.Qxc3 Qf7 19.Be4 Bg6 20.Nd6+  1/2-1/2

[Event "DSV-Turnier"]
[Site "Halle"]
[Date "1981.??.??"]
[Round "8"]
[White "Tischbierek, Raj"]
[Black "Knaak, Rainer"]
[Result "0-1"]
[WhiteElo "2380"]
[BlackElo "2495"]

1.e4 e6 2.d4 d5 3.Nd2 Be7 4.Ngf3 Nf6 5.e5 Nfd7 6.Bd3 c5 7.c3 Nc6 8.O-O Qb6
9.dxc5 Qc7 10.Nb3 Ndxe5 11.Nxe5 Qxe5 12.f4 Qc7 13.Be3 Bd7 14.Kh1 Nd8 15.Bd4 f6
16.Qg4 g6 17.Qh4 Kf7 18.Be5 Qc8 19.Nd4 Nc6 20.Nxc6 Bxc6 21.Bd4 Qd7 22.Rae1 h5
23.Rf3 Rae8 24.Qh3 Bd8 25.Rg3 Rhg8 26.Rxg6 Rxg6 27.Qxh5 Rg8 28.g4 Kf8 29.Bxg6 Qg7
30.Rxe6 Qxg6 31.Qxg6 Rxg6 32.h3 Kf7 33.f5 Rg8 34.Re3 Bd7 35.Re2 Bc7 36.Kg1 Bf4
37.Kf2 Rh8 38.Kf3 Bc1 39.Kg2 Rg8 40.Kf3 Rh8 41.Kg3 Bg5 42.b3 Bb5 43.Re6 Bf1
44.c6 bxc6 45.Rxc6 Rxh3+ 46.Kf2 Rh1 47.Rc7+ Ke8 48.Rxa7 Bh4+ 49.Ke3 Rh3+
50.Kd2 Rh2+ 51.Ke3 Be2 52.Ra8+ Kd7 53.Bc5 Bxg4  0-1

[Event "Helsinki"]
[Site "Helsinki"]
[Date "1981.??.??"]
[Round "7"]
[White "Ristoja, Thomas W"]
[Black "Karlsson, Lars"]
[Result "1-0"]
[WhiteElo "2360"]
[BlackElo "2465"]

1.e4 e6 2.d4 d5 3.Nd2 Nc6 4.Ngf3 Nf6 5.e5 Nd7 6.Nb3 Be7 7.Bb5 a5 8.c3 a4
9.Nbd2 Nb6 10.O-O Bd7 11.Bd3 O-O 12.Re1 f6 13.exf6 gxf6 14.Nf1 Rf7 15.Ng3 Qe8
16.Bf4 Rc8 17.Rc1 Nd8 18.Nh4 c5 19.Bh6 cxd4 20.cxd4 Rxc1 21.Qxc1 Nc6 22.Nh5 Kh8
23.Re3 Nxd4 24.Rg3 Bf8 25.Qf4 Nf5 26.Bxf5 exf5 27.Re3 Qc8 28.h3 Qc1+ 29.Kh2 Nc4
30.Bxf8 Nxe3 31.fxe3 Rxf8 32.Ng6+ Kg8 33.Nxf8 Be8 34.Qg3+  1-0

[Event "Holzoster am See"]
[Site "Holzoster am See"]
[Date "1981.??.??"]
[Round "?"]
[White "Pokojowczyk, Jerzy"]
[Black "Dueckstein, Andreas"]
[Result "1/2-1/2"]
[WhiteElo "2390"]
[BlackElo "2405"]

1.e4 e6 2.d4 d5 3.Nd2 a6 4.Ngf3 c5 5.exd5 exd5 6.Be2 Nc6 7.O-O cxd4 8.Re1 Be7
9.Nb3 Nf6 10.Nfxd4 O-O 11.Nxc6 bxc6 12.Be3 a5 13.c3 Qc7 14.Qd4 Bd6 15.h3 Nd7
16.Rad1 a4 17.Nd2 Qb8 18.Bd3 Ne5 19.Bb1 Ng6 20.b4 axb3 21.axb3 Be5 22.Qd3 Bd7
23.Nf3 Bf6 24.b4 Re8 25.Bd4 Rxe1+ 26.Rxe1 Qd8 27.Ne5 Qc7 28.Nf3 Bxd4 29.Qxd4 Re8
30.Rxe8+ Bxe8 31.Qe3 Qd8 32.Bxg6 hxg6 33.Qe5 Qd7 34.Nd4 f6 35.Qb8 Kf7 36.Kf1 g5
37.g4 g6 38.Kg2 Qe7 39.Qg3 c5 40.bxc5 Qxc5 41.h4 gxh4 42.Qxh4 Qd6 43.Qh7+ Kf8
44.Qb7 Bd7 45.f3 Ke8 46.Qa8+ Ke7 47.Qb7 Ke8 48.Qb1 Kf7 49.Qb4 Qe5 50.Qb7 Ke8
51.Kf2 f5 52.Qb6 Kf7 53.gxf5 Bxf5 54.Qa7+ Kg8 55.Ne2 Bd3 56.Nd4 Bf5 57.Kg2 Bd3
58.Qa8+ Kg7 59.Qd8 Bf5 60.Qb6 Bd3 61.Kf2 Bf5 62.Ne2 g5 63.Qd8 Qh2+ 64.Ke3 Qe5+
65.Kd2 Bg6 66.Qd7+ Kh6 67.Qa7 Qf5 68.Qe3 Qc2+ 69.Ke1 Bd3 70.Qe6+ Kg7 71.Qe7+ Kg6
72.Ng3 Qc1+ 73.Kf2 Qd2+ 74.Kg1 Qc1+ 75.Kg2 Qc2+ 76.Kg1 Qc1+ 77.Kg2 Qc2+ 78.Kg1  1/2-1/2

[Event "Hradec Kralove"]
[Site "Hradec Kralove"]
[Date "1981.??.??"]
[Round "2"]
[White "Prandstetter, Eduard"]
[Black "Lebredo, Gerardo"]
[Result "1/2-1/2"]
[WhiteElo "2415"]
[BlackElo "2375"]

1.e4 e6 2.d4 d5 3.Nd2 a6 4.e5 c5 5.c3 Nc6 6.Ndf3 cxd4 7.cxd4 Bb4+ 8.Bd2 Qb6
9.Bxb4 Qxb4+ 10.Qd2 Bd7 11.Qxb4 Nxb4 12.Kd2 Ne7 13.Ne1 O-O 14.f4 Rfc8 15.Ngf3 Rc7
16.a3 Nbc6 17.b4 Rac8 18.Bd3 Na7 19.a4 Rc3 20.Nc2 Be8 21.Rhb1 f6 22.Rb2 Bg6
23.Nce1 R3c7 24.b5 axb5 25.axb5 b6 26.Be2 Be8 27.Rba2 Nxb5 28.Bxb5 Bxb5 29.Rb2 Bf1
30.exf6 gxf6 31.Nc2 Be2 32.Nfe1 Bg4 33.Ne3 Bf5 34.Rxb6 Rc6 35.Rxc6 Rxc6 36.Ra7  1/2-1/2

[Event "Hradec Kralove"]
[Site "Hradec Kralove"]
[Date "1981.??.??"]
[Round "12"]
[White "Jansa, Vlastimil"]
[Black "Hausner, Ivan"]
[Result "1-0"]
[WhiteElo "2480"]
[BlackElo "2435"]

1.e4 e6 2.d4 d5 3.Nd2 Be7 4.Ngf3 Nf6 5.e5 Nfd7 6.Bd3 c5 7.c3 Nc6 8.O-O cxd4
9.cxd4 Nb6 10.Re1 Bd7 11.Nf1 a5 12.a3 a4 13.Bd2 Na5 14.Bxa5 Rxa5 15.Qd2 Ra8
16.Rac1 Rc8 17.Ne3 h6 18.h4 Rxc1 19.Rxc1 Nc8 20.Qc3 Na7 21.h5 Qb6 22.Bb1 Bb5
23.Qd2 Bc6 24.Nd1 Qd8 25.Nc3 Nb5 26.Nxb5 Bxb5 27.Ne1 Bc6 28.f4 Qb6 29.Nf3 Kd7
30.f5 Rc8 31.Kh2 Qd8 32.Qf4 Bb5 33.Rxc8 Qxc8 34.f6 gxf6 35.exf6 Bd6 36.Ne5+ Bxe5
37.dxe5 Qc5 38.Qxh6 Qd4 39.Qg5 Qxb2 40.Bg6 Bf1 41.Bxf7 Bxg2 42.Qxg2 Qxe5+
43.Qg3 Qe2+ 44.Kg1 Qd1+ 45.Kg2 Qe2+ 46.Qf2 Qe4+ 47.Qf3  1-0